Uudenmaan kunnat - Statistics

Yleistilastot
  • Tätä visaa on pelattu 1 223 kertaa
  • Keskiarvotulos 19 / 26
Vastaustilastot
Väkiluku Kunta/Kaupunki % Oikein
291 086 Espoo
100%
655 395 Helsinki
100%
235 768 Vantaa
97%
9 867 Kauniainen
85%
50 590 Porvoo
84%
8 182 Hanko
82%
39 983 Kirkkonummi
82%
37 051 Kerava
81%
44 019 Järvenpää
80%
21 488 Sipoo
80%
46 612 Hyvinkää
79%
38 769 Tuusula
78%
45 982 Lohja
77%
43 313 Nurmijärvi
74%
29 235 Vihti
72%
8 718 Karkkila
69%
5 380 Inkoo
68%
20 739 Mäntsälä
67%
27 597 Raasepori
67%
14 754 Loviisa
65%
4 937 Askola
61%
5 051 Pornainen
61%
6 171 Siuntio
59%
1 870 Myrskylä
56%
1 843 Pukkila
52%
2 623 Lapinjärvi
51%
Ehtoja vastaavia visoja ei löytynyt
Tulosjakauma
Jokaisen tuloksen saaneiden osuus
Persentiili vastausten määrän mukaan
Tuloshistoriasi
Et ole pelannut tätä visaa